| 000 | 00394 a2200157 4500 | ||
|---|---|---|---|
| 003 | Nust | ||
| 005 | 20230302091714.0 | ||
| 040 | _cNust | ||
| 082 | _a297.122,BAR | ||
| 100 |
_aBarq, Dr. Ghulam Ghilani _9109708 |
||
| 245 |
_aDo Quran / _cDr. Ghulam Ghilani Barq |
||
| 260 |
_aLahore _b Sheikh Ghulam Ghilani pub |
||
| 300 | _a362:p | ||
| 650 |
_aQuran _9104355 |
||
| 942 |
_2ddc _cBK _k297.122,BAR |
||
| 999 |
_c187766 _d187766 |
||